Infinite Group Rings /
Kaydedildi:
| Yazar: | |
|---|---|
| Materyal Türü: | Sách giấy |
| Dil: | English |
| Baskı/Yayın Bilgisi: |
New York :
Marcel Dekker ,
1971
|
| Etiketler: |
Etiketle
Etiket eklenmemiş, İlk siz ekleyin!
|
| Thư viện lưu trữ: | Thư viện Trường Đại học Đà Lạt |
|---|
| LEADER | 00589nam a2200253 4500 | ||
|---|---|---|---|
| 001 | DLU020011358 | ||
| 005 | ##1/6/2000 | ||
| 020 | # | # | |a 0-8247-1523-3 |
| 041 | # | # | |a eng |
| 082 | # | # | |a 512.4 |b PA-D |
| 090 | # | # | |a 512.4 |b PA-D |
| 100 | # | # | |a Passman, Donald S. |
| 245 | # | # | |a Infinite Group Rings / |c Passman Donald S. |
| 260 | # | # | |a New York : |b Marcel Dekker , |c 1971 |
| 300 | # | # | |a VIII, 149 tr.; |c 23 cm. |
| 992 | # | # | |a 4000 |
| 994 | # | # | |a DLU |
| 900 | # | # | |a False |
| 911 | # | # | |a Administrator |
| 925 | # | # | |a G |
| 926 | # | # | |a A |
| 927 | # | # | |a SH |
| 980 | # | # | |a Thư viện Trường Đại học Đà Lạt |


